<?xml version="1.0" encoding="UTF-8"?>
<record
    xmlns:xsi="http://www.w3.org/2001/XMLSchema-instance"
    xsi:schemaLocation="http://www.loc.gov/MARC21/slim http://www.loc.gov/standards/marcxml/schema/MARC21slim.xsd"
    xmlns="http://www.loc.gov/MARC21/slim">

  <leader>00434nam a22001457a 4500</leader>
  <controlfield tag="008">240731b        |||||||| |||| 00| 0 eng d</controlfield>
  <datafield tag="020" ind1=" " ind2=" ">
    <subfield code="a">9788131257821</subfield>
  </datafield>
  <datafield tag="082" ind1=" " ind2=" ">
    <subfield code="2">Third South Asia Edition</subfield>
    <subfield code="a">610.73 </subfield>
  </datafield>
  <datafield tag="100" ind1=" " ind2=" ">
    <subfield code="a">Potter, Patrica A.</subfield>
  </datafield>
  <datafield tag="245" ind1=" " ind2=" ">
    <subfield code="a">Potters &amp; Perry's Fundamentals of Nursing</subfield>
  </datafield>
  <datafield tag="250" ind1=" " ind2=" ">
    <subfield code="a">Third South Asia Edition</subfield>
  </datafield>
  <datafield tag="260" ind1=" " ind2=" ">
    <subfield code="a">India</subfield>
    <subfield code="b">Relx India</subfield>
  </datafield>
  <datafield tag="300" ind1=" " ind2=" ">
    <subfield code="a">xix, 1342p.</subfield>
    <subfield code="c">21cm</subfield>
  </datafield>
  <datafield tag="942" ind1=" " ind2=" ">
    <subfield code="2">ddc</subfield>
    <subfield code="e">Third South Asia Edition</subfield>
  </datafield>
  <datafield tag="999" ind1=" " ind2=" ">
    <subfield code="c">9929</subfield>
    <subfield code="d">9930</subfield>
  </datafield>
  <datafield tag="952" ind1=" " ind2=" ">
    <subfield code="0">0</subfield>
    <subfield code="1">0</subfield>
    <subfield code="2">ddc</subfield>
    <subfield code="4">0</subfield>
    <subfield code="7">0</subfield>
    <subfield code="8">MAIN</subfield>
    <subfield code="a">RTCLIB</subfield>
    <subfield code="b">RTCLIB</subfield>
    <subfield code="c">MAIN</subfield>
    <subfield code="d">2024-07-31</subfield>
    <subfield code="g">2814.00</subfield>
    <subfield code="h">18738</subfield>
    <subfield code="l">1</subfield>
    <subfield code="o">610.73 POT C.1</subfield>
    <subfield code="p">30019417</subfield>
    <subfield code="r">2025-10-13 00:00:00</subfield>
    <subfield code="s">2025-10-13</subfield>
    <subfield code="w">2024-07-31</subfield>
    <subfield code="y">MAIN</subfield>
  </datafield>
  <datafield tag="952" ind1=" " ind2=" ">
    <subfield code="0">0</subfield>
    <subfield code="1">0</subfield>
    <subfield code="2">ddc</subfield>
    <subfield code="4">0</subfield>
    <subfield code="7">0</subfield>
    <subfield code="8">MAIN</subfield>
    <subfield code="a">RTCLIB</subfield>
    <subfield code="b">RTCLIB</subfield>
    <subfield code="c">MAIN</subfield>
    <subfield code="d">2024-07-31</subfield>
    <subfield code="g">2814.00</subfield>
    <subfield code="h">18739</subfield>
    <subfield code="o">610.73 POT C.2</subfield>
    <subfield code="p">30019414</subfield>
    <subfield code="r">2024-07-31 00:00:00</subfield>
    <subfield code="w">2024-07-31</subfield>
    <subfield code="y">MAIN</subfield>
  </datafield>
  <datafield tag="952" ind1=" " ind2=" ">
    <subfield code="0">0</subfield>
    <subfield code="1">0</subfield>
    <subfield code="2">ddc</subfield>
    <subfield code="4">0</subfield>
    <subfield code="7">0</subfield>
    <subfield code="8">MAIN</subfield>
    <subfield code="a">RTCLIB</subfield>
    <subfield code="b">RTCLIB</subfield>
    <subfield code="c">MAIN</subfield>
    <subfield code="d">2024-07-31</subfield>
    <subfield code="g">2814.00</subfield>
    <subfield code="h">18740</subfield>
    <subfield code="l">1</subfield>
    <subfield code="o">610.73 POT C.3</subfield>
    <subfield code="p">30019415</subfield>
    <subfield code="r">2025-08-27 00:00:00</subfield>
    <subfield code="s">2025-08-13</subfield>
    <subfield code="w">2024-07-31</subfield>
    <subfield code="y">MAIN</subfield>
  </datafield>
  <datafield tag="952" ind1=" " ind2=" ">
    <subfield code="0">0</subfield>
    <subfield code="1">0</subfield>
    <subfield code="2">ddc</subfield>
    <subfield code="4">0</subfield>
    <subfield code="7">0</subfield>
    <subfield code="8">MAIN</subfield>
    <subfield code="a">RTCLIB</subfield>
    <subfield code="b">RTCLIB</subfield>
    <subfield code="c">MAIN</subfield>
    <subfield code="d">2024-07-31</subfield>
    <subfield code="g">2814.00</subfield>
    <subfield code="h">18740</subfield>
    <subfield code="l">2</subfield>
    <subfield code="m">2</subfield>
    <subfield code="o">610.73 POT C.4</subfield>
    <subfield code="p">30019416</subfield>
    <subfield code="r">2025-10-13 00:00:00</subfield>
    <subfield code="s">2025-10-13</subfield>
    <subfield code="w">2024-07-31</subfield>
    <subfield code="y">MAIN</subfield>
  </datafield>
  <datafield tag="952" ind1=" " ind2=" ">
    <subfield code="0">0</subfield>
    <subfield code="1">0</subfield>
    <subfield code="2">ddc</subfield>
    <subfield code="4">0</subfield>
    <subfield code="7">0</subfield>
    <subfield code="8">MAIN</subfield>
    <subfield code="a">RTCLIB</subfield>
    <subfield code="b">RTCLIB</subfield>
    <subfield code="c">MAIN</subfield>
    <subfield code="d">2024-07-31</subfield>
    <subfield code="g">2814.00</subfield>
    <subfield code="h">18742</subfield>
    <subfield code="l">3</subfield>
    <subfield code="o">610.73 POT C.5</subfield>
    <subfield code="p">30019413</subfield>
    <subfield code="r">2025-10-13 00:00:00</subfield>
    <subfield code="s">2025-10-13</subfield>
    <subfield code="w">2024-07-31</subfield>
    <subfield code="y">MAIN</subfield>
  </datafield>
  <datafield tag="952" ind1=" " ind2=" ">
    <subfield code="0">0</subfield>
    <subfield code="1">0</subfield>
    <subfield code="2">ddc</subfield>
    <subfield code="4">0</subfield>
    <subfield code="7">0</subfield>
    <subfield code="8">MAIN</subfield>
    <subfield code="a">RTCLIB</subfield>
    <subfield code="b">RTCLIB</subfield>
    <subfield code="c">MAIN</subfield>
    <subfield code="d">2024-07-31</subfield>
    <subfield code="g">2814.00</subfield>
    <subfield code="h">18743</subfield>
    <subfield code="l">3</subfield>
    <subfield code="o">610.73 POT C.6</subfield>
    <subfield code="p">30019420</subfield>
    <subfield code="r">2026-03-04 04:28:23</subfield>
    <subfield code="s">2026-02-06</subfield>
    <subfield code="w">2024-07-31</subfield>
    <subfield code="y">MAIN</subfield>
  </datafield>
  <datafield tag="952" ind1=" " ind2=" ">
    <subfield code="0">0</subfield>
    <subfield code="1">0</subfield>
    <subfield code="2">ddc</subfield>
    <subfield code="4">0</subfield>
    <subfield code="7">0</subfield>
    <subfield code="8">MAIN</subfield>
    <subfield code="a">RTCLIB</subfield>
    <subfield code="b">RTCLIB</subfield>
    <subfield code="c">MAIN</subfield>
    <subfield code="d">2024-07-31</subfield>
    <subfield code="g">2814.00</subfield>
    <subfield code="h">18737</subfield>
    <subfield code="l">4</subfield>
    <subfield code="o">610.73 POT C.8</subfield>
    <subfield code="p">30019418</subfield>
    <subfield code="r">2026-02-24 04:02:04</subfield>
    <subfield code="s">2026-02-06</subfield>
    <subfield code="w">2024-07-31</subfield>
    <subfield code="y">MAIN</subfield>
  </datafield>
  <datafield tag="952" ind1=" " ind2=" ">
    <subfield code="0">0</subfield>
    <subfield code="1">0</subfield>
    <subfield code="2">ddc</subfield>
    <subfield code="4">0</subfield>
    <subfield code="7">0</subfield>
    <subfield code="8">MAIN</subfield>
    <subfield code="a">RTCLIB</subfield>
    <subfield code="b">RTCLIB</subfield>
    <subfield code="c">MAIN</subfield>
    <subfield code="d">2024-07-31</subfield>
    <subfield code="g">2814.00</subfield>
    <subfield code="h">18744</subfield>
    <subfield code="l">5</subfield>
    <subfield code="o">610.73 POT C.7</subfield>
    <subfield code="p">30019419</subfield>
    <subfield code="r">2026-03-19 07:40:07</subfield>
    <subfield code="s">2026-03-04</subfield>
    <subfield code="w">2024-07-31</subfield>
    <subfield code="y">MAIN</subfield>
  </datafield>
</record>
